000 00858nam a2200277 i 4500
001 C2-0331413
003 PPAK
005 20180728131823.0
008 150609s2015 my a|||| ||||| | may d
020 _a9789670461663
040 _aPPAK
_beng
_cPPAK
_erda
082 0 4 _a658.872
_223
090 0 0 _a658.872
_bAZL
_dG
100 0 _aAzlina Ahmad,
_eauthor
245 1 0 _aFenomena perniagaan online
264 1 _aSeri Kembangan, Selangor :
_bPustaka Dasar Jaya Sdn. Bhd. ,
_c2015
300 _a68 pages :
_bcolour photographs ;
_c31 cm
336 _2rdacontent
_atext
337 _2rdamedia
_aunmediated
338 _2rdacarrier
_avolume
490 1 _aSiri remaja dan pengurusan wang
650 1 0 _aInternet marketing. ; Social network - Computer network resources.
700 _eauthor
830 0 _aSiri remaja dan pengurusan wang
942 _ddc
_cB
999 _c130150
_d130150